000 00288nam a2200121 a 4500
008 100917s1971|||| d
245 1 0 _aČasobitie
100 1 _aDevečková, Anna
044 _axo
_cSK
041 _aslo
260 _bSlovenský spisovateľ
_c1971
_aBratislava
020 _c10
999 _c10472
_d10472